Largest Cities That Start With D On A Map - Statistics

General Stats
  • This quiz has been taken 1,720 times
  • The average score is 10 of 19
Answers on the Map
Answers color-coded by a green-red scale on the quiz's map according to % correct below.
 
Answer Stats
City Population % Correct
Dublin 1,241,953
99%
Dallas 1,347,120
97%
Dubai 2,921,376
94%
Delhi 31,181,376
92%
Damascus 2,439,814
90%
Dakar 3,229,800
88%
Dhaka 21,741,090
88%
Dar Es Salaam 7,046,892
83%
Durban 3,176,254
77%
Douala 3,793,363
44%
Daegu 2,190,571
41%
Dalian 5,775,938
40%
Davao City 1,866,401
34%
Dongguan 7,451,889
22%
Daejon 1,569,459
20%
Daqing 1,907,293
9%
Datong 1,788,913
9%
Dhanbad 1,348,238
9%
Depok 2,836,941
6%
No matching quizzes found
Score Distribution
Percent of People with Each Score
Percentile by Number Answered
Your Score History
You have not taken this quiz